Pays les plus éloignés de Buenos Aires - Statistiques

Statistiques générales
  • Ce quiz a été pris 1 728 fois
  • Le résultat moyen est 17 sur 20
Statistiques - réponses
Distance (km) Pays % Correct
15 760 Chine
97%
17 718 Japon
96%
18 828 Corée du Nord
93%
19 118 Corée du Sud
93%
17 212 Laos
90%
16 637 Vietnam
90%
16 821 Mongolie
89%
16 675 Cambodge
88%
16 134 Thaïlande
88%
16 061 Népal
86%
18 600 Taïwan
85%
15 859 Malaisie
84%
15 859 Singapour
84%
16 340 Birmanie
83%
16 786 Bhoutan
82%
16 670 Philippines
82%
16 540 Bangladesh
78%
16 536 Brunei
78%
15 409 Kirghizistan
52%
16 327 Palaos
49%
Aucun quiz correspondant
Distribution des résultats
% des personnes avec chaque résultat
Percentile par nombre de réponses
Votre historique - résultats
Vous n’avez pas pris ce quiz